Pathways 2 (Record no. 18405)
[ view plain ]
| 000 -LEADER | |
|---|---|
| fixed length control field | 00716cgm a22002057a 4500 |
| 005 - DATE AND TIME OF LATEST TRANSACTION | |
| control field | 20201125063855.0 |
| 007 - PHYSICAL DESCRIPTION FIXED FIELD--GENERAL INFORMATION | |
| fixed length control field | vd cgaizm |
| 008 - FIXED-LENGTH DATA ELEMENTS--GENERAL INFORMATION | |
| fixed length control field | 140923t2014 xxx f |||| 0| vleng d- |
| 020 ## - INTERNATIONAL STANDARD BOOK NUMBER | |
| International Standard Book Number | 9781133317272 |
| 040 ## - CATALOGING SOURCE | |
| Original cataloging agency | EG-ScBUE |
| 082 00 - DEWEY DECIMAL CLASSIFICATION NUMBER | |
| Edition number | 22 |
| Classification number | 428.0071 |
| Item number | BLA |
| 100 1# - MAIN ENTRY--PERSONAL NAME | |
| 9 (RLIN) | 34715 |
| Personal name | Blass, Laurie |
| Dates associated with a name | 1952- |
| 245 00 - TITLE STATEMENT | |
| Title | Pathways 2 |
| Medium | [videorecording] / |
| Remainder of title | reading, writing and critical thinking : presentation tool / |
| Statement of responsibility, etc | Laurie Blass, Mari Vargo. |
| 246 3# - VARYING FORM OF TITLE | |
| Title proper/short title | Pathways two |
| 260 ## - PUBLICATION, DISTRIBUTION, ETC. (IMPRINT) | |
| Place of publication, distribution, etc | [S. l.] : |
| Name of publisher, distributor, etc | National Geographic Learning : |
| -- | Heinle Cengage Learning, |
| Date of publication, distribution, etc | c.2014. |
| 300 ## - PHYSICAL DESCRIPTION | |
| Extent | 1 videodisc : |
| Other physical details | sd., col. ; |
| Dimensions | 4 3/4 in. |
| 653 ## - INDEX TERM--UNCONTROLLED | |
| -- | EEENG |
| -- | September2014 |
| 700 1# - ADDED ENTRY--PERSONAL NAME | |
| 9 (RLIN) | 36085 |
| Personal name | Vargo, Mari |
| 942 ## - ADDED ENTRY ELEMENTS (KOHA) | |
| Source of classification or shelving scheme | Dewey Decimal Classification |
| Item type | |
| Call number prefix | 428.0071 BLA |
| Withdrawn status | Lost status | Source of classification or shelving scheme | Damaged status | Not for loan | Koha collection | Home library | Current library | Shelving location | Date acquired | Source of acquisition | Total Checkouts | Full call number | Barcode | Date last seen | Koha item type |
|---|---|---|---|---|---|---|---|---|---|---|---|---|---|---|---|
| Dewey Decimal Classification | Baccah | Central Library | Central Library | Second Floor | 24/09/2014 | 428.0071 BLA TR | 000036342 | 24/08/2022 | CD | DVD - Teacher resource | ||||||
| Dewey Decimal Classification | Central Library | Central Library | Second Floor | 24/09/2014 | 428.0071 BLA TR | 000036343 | 24/08/2022 | CD | DVD - Teacher resource | |||||||
| Dewey Decimal Classification | AUC | Central Library | Central Library | Second Floor | 24/09/2014 | 428.0071 BLA TR | 000036344 | 24/08/2022 | CD | DVD - Teacher resource |